00509 2200193 4500001002100000005001500021008004100036020002200077035001900099041000700118082001000125090001600135100002100151245005200172260003700224300003000261500001000291650001400301INLIS00000000001640220241224115122241224||||||||| | ||| |||| || |  a978-979-033-109-9 0010-1224016402 aid0 a523.8 a523.8 DAN t0 aDANA MEACHEN RAU00aTitik-titik Cahaya: Sebuah Buku tentang Bintang aJakartabErlangga For Kidsc2008 a22x22 cm, 24 hlm.; ilus.: aCet 1 0aASTRONOMI